[Event "CAN-ch U14"]
[Site "Quebec"]
[Date "2018.07.05"]
[Round "7.44"]
[White "Kochetkov, Maxim"]
[Black "Makarczyk, David"]
[Result "1/2-1/2"]
[WhiteElo "1181"]
[BlackElo "1582"]
[PlyCount "73"]
[EventDate "2018.07.02"]
[EventType "swiss"]
[EventRounds "7"]
[EventCountry "CAN"]
[SourceTitle "EXT 2022"]
[Source "ChessBase"]
[SourceDate "2021.10.06"]
[SourceVersion "1"]
[SourceVersionDate "2021.10.06"]
[SourceQuality "1"]

1. d4 Nf6 2. Bf4 g6 3. e3 Bg7 4. Nd2 0-0 5. c3 d5 6. Ngf3 Bf5 7. Be2 Nbd7 8. Nh4 Be6 9. Nhf3 Rc8 10. h4 c5 11. Ng5 cxd4 12. exd4 Nb6 13. Nxe6 fxe6 14. Be5 Nbd7 15. f4 Qe8 16. Bf3 Nxe5 17. fxe5 Nh5 18. Bxh5 gxh5 19. Nf3 Qg6 20. Qe2 Bh6 21. Rh3 Rf4 22. Kf2 Re4 23. Qd3 Be3+ 24. Kf1 Bf4 25. Nd2 Bxd2 26. Qxd2 Rf8+ 27. Rf3 Rxf3+ 28. gxf3 Rxh4 29. Qg2 Rf4 30. Kf2 Kf7 31. Rg1 a6 32. Ke3 Rf5 33. f4 h4 34. Qxg6+ hxg6 35. Kf3 Kg7 36. Kg4 h3 37. Rh1 1/2-1/2

[Event "CAN-ch U14"]
[Site "Quebec"]
[Date "2018.07.04"]
[Round "6.48"]
[White "Blanco, Rafael"]
[Black "Kochetkov, Maxim"]
[Result "0-1"]
[WhiteElo "1197"]
[BlackElo "1181"]
[PlyCount "128"]
[EventDate "2018.07.02"]
[EventType "swiss"]
[EventRounds "7"]
[EventCountry "CAN"]
[SourceTitle "EXT 2022"]
[Source "ChessBase"]
[SourceDate "2021.10.06"]
[SourceVersion "1"]
[SourceVersionDate "2021.10.06"]
[SourceQuality "1"]

1. e4 c5 2. Nf3 d6 3. d4 cxd4 4. Nxd4 Nf6 5. Nc3 g6 6. f3 Bg7 7. Be3 0-0 8. Bc4 Bd7 9. Qd2 Nc6 10. g4 Ne5 11. Be2 Rc8 12. h4 h5 13. gxh5 Nxh5 14. 0-0-0 a6 15. Bh6 b5 16. Bxg7 Kxg7 17. Rdg1 Rh8 18. f4 Nc4 19. Bxc4 Rxc4 20. Nb3 b4 21. Qd3 Qc8 22. Nd2 Rc5 23. Qd4+ Kg8 24. Qxb4 Nxf4 25. Qb3 Rxc3 26. bxc3 Ne2+ 27. Kb2 Nxg1 28. Rxg1 Be6 29. Qb6 Rh5 30. Qe3 Rxh4 31. Qg5 Rh3 32. Rg3 Qb7+ 33. Kc1 Rxg3 34. Qxg3 Bxa2 35. e5 dxe5 36. Qxe5 Be6 37. Qd4 Qc7 38. c4 a5 39. c5 Qd7 40. Qc3 a4 41. Qa3 Qd5 42. Nb1 g5 43. Nc3 Qc6 44. Nxa4 g4 45. Nb6 f5 46. Qe3 Qh1+ 47. Kb2 Kf7 48. Qc3 Qh3 49. Qd4 g3 50. Qd3 f4 51. Qf3 Qg4 52. Qxg4 Bxg4 53. c6 g2 54. c7 g1Q 55. c8Q Qxb6+ 56. Kc1 Bxc8 57. Kd2 f3 58. c3 Qb2+ 59. Kd3 f2 60. Ke3 f1Q 61. Kd4 Qf6+ 62. Ke4 Bb7+ 63. Ke3 Qf3+ 64. Kd4 Qbxc3# 0-1